History Quiz

Random History or Decade Quiz

True or False Blitz: History Quiz Stats

 Plays Quiz Updated Jul 22, 2017

Support Sporcle.
Go Orange.
Score 0/20 Timer 02:00
4 Plays Today
Question Answer Wrong Answers
NATION
The US was the first country in the world to allow women to vote.
False
88.6%
True
6.5%
NATION
The country of Thailand was formerly known as Siam.
True
86.1%
False
8.8%
DECADE
The Vietnam War ended in the 1970s.
True
83.7%
False
11.3%
DISCOVERY
Charles Darwin sailed on HMS 'Beagle'.
True
80.4%
False
14.5%
WAR
V-E Day came before V-J Day.
True
77.9%
False
16.9%
WORLD LEADERS
Idi Amin was President of Tanzania.
False
77.4%
True
17.5%
WORLD LEADERS
Xerxes I was a king of Jordan.
False
72.7%
True
22.1%
ART
Botticelli painted 'The Birth of Venus'.
True
72.2%
False
22.7%
US PRESIDENTS
Andrew Johnson succeeded Abraham Lincoln as President.
True
68.5%
False
26.6%
POLITICS
The Berlin Wall came down in 1987.
False
66.5%
True
28.6%
NATION
The Temple of Artemis was located in modern-day Turkey.
True
66.1%
False
28.8%
BIOGRAPHY
Sigmund Freud was Swiss.
False
63.2%
True
32%
CENTURY
Oklahoma achieved statehood in the 20th century.
True
62%
False
32.8%
CENTURY
Queen Elizabeth I died during the 17th Century.
True
55.8%
False
39.2%
BIOGRAPHY
Battlefield nurse Mary Seacole operated during the Crimean War.
True
55%
False
39.8%
US PRESIDENTS
William H. Taft died in office.
False
52.7%
True
42.2%
NATION
Machu Picchu was constructed by the Mayan civilization.
False
49.6%
True
45.4%
EDUCATION
The University of Cambridge is the oldest university in the English-speaking world.
False
46%
True
48.9%
WORLD LEADERS
George V reigned before Edward VII.
False
45.2%
True
49.8%
WORLD CITIES
St. Petersburg used to be known as Stalingrad.
False
40.3%
True
54.9%

You're not logged in!

Compare scores with friends on all Sporcle quizzes.
OR
Log In
Forgot?

From the Vault

MLB 350 Home Run Hitters A-Z

by caramba

Anyone else imagine a house with legs whenever they hear 'Home Run'?
Remove Ads.
Support Sporcle.
Get the best of Sporcle when you Go Orange. This ad-free experience offers more features, more stats, and more fun while also helping to support Sporcle. Thank you for becoming a member.

Show Comments

Extras

Top Quizzes Today


Score Distribution

Your Account Isn't Verified!

In order to create a playlist on Sporcle, you need to verify the email address you used during registration. Go to your Sporcle Settings to finish the process.

Report this User

Report this user for behavior that violates our Community Guidelines.

Details: